| 000 | 01230cam a22003011 4500 | ||
|---|---|---|---|
| 001 | f 01003361 | ||
| 003 | DLC | ||
| 005 | 20260227111246.0 | ||
| 008 | 780329m18331838fr abcf 000 0 fre | ||
| 010 | _af 01003361 | ||
| 035 | _a(OCoLC)3759763 | ||
| 040 |
_aDLC _cCtHT _dDLC |
||
| 042 | _apremarc | ||
| 050 | 0 | 0 |
_aDC611.B765 _bA4 |
| 100 | 1 | _aAllier, Achille. | |
| 245 | 1 | 2 |
_aL'ancien Bourbonnais, _b(histoire, monumens, mœurs, statistique) _cpar A. Allier, gravé et lithographié sous la direction de m. Aimé Chenavard, d'après les dessins et documens de m. Dufour, par une société d'artistes. |
| 260 |
_aMoulins, _bImpr. de Desrosiers fils, _c1833-38. |
||
| 300 |
_a2 v. _bfront (port.) illus. _c48 cm. _aand atlas of 136 pl., 2 maps. _c54 cm. |
||
| 500 | _aAtlas has engraved t.-p. and half-title. | ||
| 500 | _aTitle in black and red. | ||
| 500 | _aThe work was begun by Achille Allier, and continued by A. Michel and L. Batissier. | ||
| 651 | 0 |
_aBourbonnais (France) _xHistory. |
|
| 651 | 0 |
_aBourbonnais (France) _xAntiquities. |
|
| 700 | 1 |
_aMichel, Adolphe, _d1801?-1891? |
|
| 700 | 1 |
_aBatissier, Louis, _d1813-1882. |
|
| 700 | 1 |
_aDufour, Claude Henri, _d1766-1845. |
|
| 700 | 1 |
_aChenavard, Aimé, _d1798-1838. |
|
| 999 |
_c23059 _d23059 |
||